000 00562nam a2200217Ia 4500
005 20241129120300.0
008 241129s9999||||xx |||||||||||||| ||und||
020 _a9789355180049
037 _aTB
040 _aSDCL
_beng
_cSDCL
041 _ahin
_2hin
084 _aY72.2'P R3
_qSDCL
100 _aSingh Anuradha
_9545099
245 0 _aAadivasi: Itihas aur sanskriti
260 _aDelhi
_bVani Prakashan India
_c2023
300 _a255p
365 _aINR
_b595
650 _aHindi
942 _cTB
_hY72.2'P R3
999 _c1234144
_d1234144